| 000 | 00586nam a22001937a 4500 | ||
|---|---|---|---|
| 003 | OSt | ||
| 005 | 20180116182956.0 | ||
| 008 | 140422b xxu||||| |||| 00| 0 eng d | ||
| 020 | _a10987654321 | ||
| 040 |
_a0 _c0 _d0 |
||
| 082 | _a339.460954 BHA 2013 | ||
| 100 | _aJagdish Bhagwati | ||
| 245 |
_aWhy Growth Matters _bHow Economic Growth in india Reduced Poverty and The Lessons for Other Developing Countries _cJagdish Bhagwati |
||
| 260 |
_aNew York _bPublic Affairs _c2013 |
||
| 300 |
_a280p _bHB |
||
| 440 | _aWhy Growth Matters | ||
| 600 | _aJagdish Bhagwati | ||
| 942 |
_2ddc _cBK |
||
| 999 |
_c349657 _d349657 |
||